[Event "SVK-chT2C 2223"]
[Site "Slovakia"]
[Date "2023.01.15"]
[Round "7.2"]
[White "Kovacs, Daniel1111"]
[Black "Trgina, Daniel"]
[Result "0-1"]
[WhiteElo "1991"]
[BlackElo "2087"]
[PlyCount "88"]
[EventDate "2022.10.08"]
[EventType "team-tourn"]
[EventRounds "11"]
[EventCountry "SVK"]
[SourceTitle "EXT 2024"]
[Source "ChessBase"]
[SourceDate "2023.10.10"]
[SourceVersion "1"]
[SourceVersionDate "2023.10.10"]
[SourceQuality "1"]
[WhiteTeam "Vinica"]
[BlackTeam "Banska Bystrica Kurta"]
[WhiteTeamCountry "SVK"]
[BlackTeamCountry "SVK"]

1. e4 c5 2. Nf3 Nc6 3. d4 cxd4 4. Nxd4 e5 5. Nb5 d6 6. N1c3 a6 7. Na3 Be7 8. Bd3 Nf6 9. h3 d5 10. exd5 Nxd5 11. Nab1 Ndb4 12. Be4 Qxd1+ 13. Kxd1 Be6 14. a3 0-0-0+ 15. Ke1 f5 16. axb4 fxe4 17. Be3 Nd4 18. Bxd4 exd4 19. Nxe4 Bxb4+ 20. Kd1 Bd5 21. Nbd2 Bxd2 22. Nxd2 Bxg2 23. Rg1 Bxh3 24. Rxg7 h5 25. Ke2 Bd7 26. Rh1 Bb5+ 27. Kd1 h4 28. Rg4 h3 29. Rh2 Rdg8 30. Rxh3 Be2+ 31. Kxe2 Re8+ 32. Kf1 Rxh3 33. Rxd4 Rd8 34. Rc4+ Kd7 35. Ne4 b5 36. Rb4 Kc6 37. Ng5 Rh1+ 38. Kg2 Rc1 39. c3 a5 40. Rh4 Rd2 41. b3 Rb2 42. Rh6+ Kd5 43. c4+ bxc4 44. bxc4+ Rxc4 0-1

[Event "SVK-chT1E 2122"]
[Site "Slovakia"]
[Date "2022.01.30"]
[Round "2.6"]
[White "Magat, Jozef"]
[Black "Trgina, Daniel"]
[Result "1/2-1/2"]
[WhiteElo "2030"]
[BlackElo "2066"]
[PlyCount "56"]
[EventDate "2022.01.29"]
[EventType "team-tourn"]
[EventRounds "11"]
[EventCountry "SVK"]
[SourceTitle "EXT 2023"]
[Source "ChessBase"]
[SourceDate "2022.10.05"]
[SourceVersion "1"]
[SourceVersionDate "2022.10.05"]
[SourceQuality "1"]
[WhiteTeam "Dunajov Inbest"]
[BlackTeam "Banska Bystrica Junior"]
[WhiteTeamCountry "SVK"]
[BlackTeamCountry "SVK"]

1. c4 Nf6 2. Nc3 g6 3. g3 Bg7 4. Bg2 0-0 5. Nf3 d5 6. cxd5 Nxd5 7. 0-0 c5 8. Qb3 Nc7 9. d3 Nc6 10. Be3 b6 11. Nd2 Qd7 12. Rab1 Rb8 13. Rfe1 Bb7 14. Qa4 Rfd8 15. Nde4 Ne6 16. Ng5 Ned4 17. Bh3 e6 18. Bg2 h6 19. Nf3 Rbc8 20. Bxd4 cxd4 21. Ne4 f5 22. Ned2 Kh7 23. Rec1 e5 24. Ne1 a6 25. a3 b5 26. Qd1 Rc7 27. Nb3 Bf8 28. Nc5 Bxc5 1/2-1/2

[Event "Liptovsky Jan Slovak op U2200"]
[Site "Liptovsky Jan"]
[Date "2021.06.20"]
[Round "6"]
[White "Gyerpal, Adrian"]
[Black "Trgina, Daniel"]
[Result "1/2-1/2"]
[WhiteElo "2098"]
[BlackElo "2053"]
[PlyCount "65"]
[EventDate "2021.06.17"]
[EventType "swiss"]
[EventRounds "7"]
[EventCountry "SVK"]
[SourceTitle "CBM 203 Extra"]
[Source "ChessBase"]
[SourceDate "2021.09.30"]
[SourceVersion "1"]
[SourceVersionDate "2021.09.30"]
[SourceQuality "1"]

1. d4 Nf6 2. c4 g6 3. Nf3 Bg7 4. g3 0-0 5. Bg2 d5 6. 0-0 dxc4 7. Na3 c3 8. bxc3 c5 9. e3 Nc6 10. Qe2 Bf5 11. Rd1 Qa5 12. Bb2 Rfd8 13. Nd2 cxd4 14. cxd4 Bg4 15. f3 Bd7 16. Nb3 Qb6 17. Nc4 Qb5 18. Bf1 b6 19. e4 e6 20. e5 Ne8 21. Qf2 Qa4 22. h4 Rac8 23. Nbd2 Na5 24. Nxa5 Qxa5 25. Ne4 Bb5 26. Bxb5 Qxb5 27. Rac1 Qa6 28. a3 Bh6 29. f4 Bf8 30. Qe3 Nc7 31. Nf6+ Kg7 32. Qf3 Qb5 33. Qg2 1/2-1/2

[Event "SVK-chT1E 1920"]
[Site "Slovakia"]
[Date "2019.11.09"]
[Round "3.6"]
[White "Trgina, Daniel"]
[Black "Panko, Eduard1111"]
[Result "1-0"]
[WhiteElo "2056"]
[BlackElo "1926"]
[PlyCount "33"]
[EventDate "2019.10.12"]
[EventType "team-tourn"]
[EventRounds "11"]
[EventCountry "SVK"]
[SourceTitle "CBM 193 Extra"]
[Source "ChessBase"]
[SourceDate "2020.01.31"]
[SourceVersion "1"]
[SourceVersionDate "2020.01.31"]
[SourceQuality "1"]
[WhiteTeam "Banska Bystrica Junior"]
[BlackTeam "Bardejov"]
[WhiteTeamCountry "SVK"]
[BlackTeamCountry "SVK"]

1. e4 e6 2. d4 d5 3. Nc3 Bb4 4. exd5 exd5 5. Bd3 Ne7 6. Nge2 Bf5 7. a3 Bxc3+ 8. bxc3 Qd7 9. Rb1 b6 10. 0-0 0-0 11. c4 c6 12. a4 Bxd3 13. Qxd3 Nf5 14. c5 bxc5 15. dxc5 a5 16. Rb6 Na6 17. Rxa6 1-0

[Event "SVK-chT2C 1819"]
[Site "Slovakia"]
[Date "2018.11.17"]
[Round "3.3"]
[White "Trgina, Daniel"]
[Black "Csolto, Tibor"]
[Result "0-1"]
[WhiteElo "2089"]
[BlackElo "2089"]
[PlyCount "44"]
[EventDate "2018.10.13"]
[EventType "team-tourn"]
[EventRounds "11"]
[EventCountry "SVK"]
[SourceTitle "CBM 187 Extra"]
[Source "ChessBase"]
[SourceDate "2018.11.04"]
[SourceVersion "1"]
[SourceVersionDate "2018.11.04"]
[SourceQuality "1"]
[WhiteTeam "Banska Bystrica Veza"]
[BlackTeam "Jelsava Magnezit"]
[WhiteTeamCountry "SVK"]
[BlackTeamCountry "SVK"]

1. e4 c5 2. Nf3 Nc6 3. d4 cxd4 4. Nxd4 Nf6 5. Nc3 d6 6. Bg5 e6 7. Qd2 a6 8. 0-0-0 Bd7 9. f4 h6 10. Bh4 g5 11. fxg5 Ng4 12. Nf3 Be7 13. Be2 hxg5 14. Bxg5 Nf2 15. Bxe7 Qxe7 16. Bxa6 Nxd1 17. Bxb7 Nxc3 18. Qxc3 0-0 19. Bxa8 Rxa8 20. a3 Ne5 21. h4 Rc8 22. Qe1 Nd3+ 0-1

[Event "SVK-chT1E 1516"]
[Site "Slovakia"]
[Date "2015.12.12"]
[Round "5.2"]
[White "Balazs, Ladislav"]
[Black "Trgina, Daniel"]
[Result "1-0"]
[WhiteElo "2068"]
[BlackElo "2124"]
[PlyCount "49"]
[EventDate "2015.10.24"]
[EventType "team-tourn"]
[EventRounds "11"]
[EventCountry "SVK"]
[SourceTitle "CBM 170 Extra"]
[Source "ChessBase"]
[SourceDate "2016.02.25"]
[SourceVersion "1"]
[SourceVersionDate "2016.02.25"]
[SourceQuality "1"]
[WhiteTeam "Jelsava Magnezit"]
[BlackTeam "Banska Bystrica Junior"]
[WhiteTeamCountry "SVK"]
[BlackTeamCountry "SVK"]

1. e4 c5 2. Nf3 Nc6 3. d4 cxd4 4. Nxd4 Nf6 5. Nc3 e5 6. Nxc6 bxc6 7. Bc4 h6 8. 0-0 Be7 9. Qf3 0-0 10. Qg3 d5 11. exd5 cxd5 12. Rd1 Bg4 13. Bxh6 gxh6 14. Nxd5 Bd6 15. Nxf6+ Qxf6 16. Qxg4+ Kh8 17. Qe4 Bc5 18. Rd2 Rad8 19. Bd3 Qg7 20. Re2 Bd4 21. Qf5 Bxb2 22. Rb1 Bd4 23. Re4 Rg8 24. Rg4 Bxf2+ 25. Kxf2 1-0

[Event "SVK-chT2C 1415"]
[Site "Slovakia"]
[Date "2015.03.08"]
[Round "11.1"]
[White "Jurcik, Marian"]
[Black "Trgina, Daniel"]
[Result "1-0"]
[WhiteElo "2466"]
[BlackElo "2203"]
[PlyCount "31"]
[EventDate "2014.10.11"]
[EventType "team-tourn"]
[EventRounds "11"]
[EventCountry "SVK"]
[SourceTitle "EXT 2016"]
[Source "ChessBase"]
[SourceDate "2015.10.08"]
[SourceVersion "1"]
[SourceVersionDate "2015.10.08"]
[SourceQuality "1"]
[WhiteTeam "Kysucke Nove Mesto"]
[BlackTeam "Banska Bystrica Veza"]
[WhiteTeamCountry "SVK"]
[BlackTeamCountry "SVK"]

1. d4 Nf6 2. c4 g6 3. f3 Bg7 4. e4 d6 5. Ne2 0-0 6. Be3 e5 7. d5 c6 8. Nec3 cxd5 9. cxd5 a6 10. Nd2 b5 11. a4 b4 12. Ncb1 a5 13. Nc4 Nxe4 14. fxe4 Qh4+ 15. Bf2 Qxe4+ 16. Qe2 1-0

[Event "SVK-chT2C 1415"]
[Site "Slovakia"]
[Date "2015.03.07"]
[Round "10.1"]
[White "Trgina, Daniel"]
[Black "Druska, Juraj"]
[Result "0-1"]
[WhiteElo "2203"]
[BlackElo "2395"]
[PlyCount "52"]
[EventDate "2014.10.11"]
[EventType "team-tourn"]
[EventRounds "11"]
[EventCountry "SVK"]
[SourceTitle "EXT 2016"]
[Source "ChessBase"]
[SourceDate "2015.10.08"]
[SourceVersion "1"]
[SourceVersionDate "2015.10.08"]
[SourceQuality "1"]
[WhiteTeam "Banska Bystrica Veza"]
[BlackTeam "Liptovska Stiavnica"]
[WhiteTeamCountry "SVK"]
[BlackTeamCountry "SVK"]

1. e4 c5 2. Nf3 Nc6 3. d4 cxd4 4. Nxd4 Nf6 5. Nc3 d6 6. Bg5 a6 7. Qd2 Nxd4 8. Qxd4 Qa5 9. f4 e5 10. Qd2 Be7 11. Bxf6 Bxf6 12. Nd5 Qd8 13. f5 Bg5 14. Qf2 0-0 15. Bc4 b5 16. Bb3 a5 17. a4 bxa4 18. Bxa4 Rb8 19. b3 Bb7 20. Rd1 Bxd5 21. Rxd5 Qf6 22. Rxa5 Qh6 23. Rd5 Be3 24. Qf3 Bd4 25. Ke2 Rfc8 26. c4 Rxc4 0-1

[Event "SVK-chT2C 1415"]
[Site "Slovakia"]
[Date "2015.02.15"]
[Round "9.1"]
[White "Trgina, Daniel"]
[Black "Adamko, Peter"]
[Result "1/2-1/2"]
[WhiteElo "2203"]
[BlackElo "2086"]
[PlyCount "50"]
[EventDate "2014.10.11"]
[EventType "team-tourn"]
[EventRounds "11"]
[EventCountry "SVK"]
[SourceTitle "EXT 2016"]
[Source "ChessBase"]
[SourceDate "2015.10.08"]
[SourceVersion "1"]
[SourceVersionDate "2015.10.08"]
[SourceQuality "1"]
[WhiteTeam "Banska Bystrica Veza"]
[BlackTeam "Cadca Caissa II"]
[WhiteTeamCountry "SVK"]
[BlackTeamCountry "SVK"]

1. e4 g6 2. d4 Bg7 3. Nc3 c6 4. Nf3 d6 5. a4 Nf6 6. Be2 Qc7 7. h3 e5 8. 0-0 0-0 9. Bg5 h6 10. Be3 Nbd7 11. Qd2 Kh7 12. Rfd1 Re8 13. dxe5 dxe5 14. Bc4 Nb6 15. Bb3 Be6 16. Bxe6 Rxe6 17. Qe2 Rd6 18. a5 Rxd1+ 19. Rxd1 Nbd7 20. Qc4 Qxa5 21. Qxf7 Rf8 22. Qe7 Re8 23. Qf7 Rf8 24. Qe7 Re8 25. Qf7 Rf8 1/2-1/2

[Event "SVK-chT2C 1415"]
[Site "Slovakia"]
[Date "2015.02.01"]
[Round "7.1"]
[White "Trgina, Daniel"]
[Black "Giertli, Vladimir"]
[Result "1/2-1/2"]
[WhiteElo "2203"]
[BlackElo "2069"]
[PlyCount "69"]
[EventDate "2014.10.11"]
[EventType "team-tourn"]
[EventRounds "11"]
[EventCountry "SVK"]
[SourceTitle "EXT 2016"]
[Source "ChessBase"]
[SourceDate "2015.10.08"]
[SourceVersion "1"]
[SourceVersionDate "2015.10.08"]
[SourceQuality "1"]
[WhiteTeam "Banska Bystrica Veza"]
[BlackTeam "Podbrezova ZP Sport"]
[WhiteTeamCountry "SVK"]
[BlackTeamCountry "SVK"]

1. e4 g6 2. d4 c5 3. Nf3 Bg7 4. Nc3 cxd4 5. Nxd4 d6 6. Be3 a6 7. Bc4 Qc7 8. Bb3 b5 9. 0-0 Nf6 10. a4 b4 11. Nd5 Nxd5 12. Nb5 axb5 13. Qxd5 0-0 14. Qxa8 bxa4 15. Rxa4 Nc6 16. Ra2 Bb7 17. Qa4 Ra8 18. Qxa8+ Bxa8 19. Rxa8+ Bf8 20. Bh6 Nd8 21. Bxf8 Kxf8 22. Rfa1 Kg7 23. R1a7 Nb7 24. g3 e6 25. Re8 Qb6 26. Raa8 Nc5 27. Rab8 Qa5 28. Ra8 Qb5 29. Re7 Qe2 30. Raa7 Qe1+ 31. Kg2 Qxe4+ 32. Kg1 Qe1+ 33. Kg2 Qe4+ 34. Kg1 Qe1+ 35. Kg2 1/2-1/2

[Event "SVK-chT1E 1415"]
[Site "Slovakia"]
[Date "2015.01.10"]
[Round "5.3"]
[White "Trgina, Daniel"]
[Black "Motycakova, Monika"]
[Result "1/2-1/2"]
[WhiteElo "2203"]
[BlackElo "2126"]
[PlyCount "62"]
[EventDate "2014.10.18"]
[EventType "team-tourn"]
[EventRounds "11"]
[EventCountry "SVK"]
[SourceTitle "EXT 2016"]
[Source "ChessBase"]
[SourceDate "2015.10.08"]
[SourceVersion "1"]
[SourceVersionDate "2015.10.08"]
[SourceQuality "1"]
[WhiteTeam "Banska Bystrica CVC"]
[BlackTeam "Liptov Chess School II"]
[WhiteTeamCountry "SVK"]
[BlackTeamCountry "SVK"]

1. e4 e5 2. Nf3 Nc6 3. Bb5 a6 4. Ba4 Nf6 5. 0-0 Be7 6. Re1 b5 7. Bb3 d6 8. c3 0-0 9. h3 Na5 10. Bc2 c5 11. d4 Qc7 12. Nbd2 cxd4 13. cxd4 Nc6 14. Nb3 a5 15. Be3 a4 16. Nbd2 Bd7 17. Rc1 Rac8 18. Nf1 Qb7 19. Ng3 Rfe8 20. Bb1 h6 21. d5 Na5 22. b3 axb3 23. axb3 Rxc1 24. Bxc1 b4 25. Nh4 Rc8 26. Bd2 Bf8 27. Nhf5 Kh7 28. Qf3 Ng8 29. Qd1 Nf6 30. Qf3 Ng8 31. Qd1 Nf6 1/2-1/2

[Event "SVK-chT2C 1415"]
[Site "Slovakia"]
[Date "2014.10.12"]
[Round "2.1"]
[White "Pechac, Jergus"]
[Black "Trgina, Daniel"]
[Result "1-0"]
[WhiteElo "2182"]
[BlackElo "2203"]
[PlyCount "41"]
[EventDate "2014.10.11"]
[EventType "team-tourn"]
[EventRounds "11"]
[EventCountry "SVK"]
[SourceTitle "EXT 2016"]
[Source "ChessBase"]
[SourceDate "2015.10.08"]
[SourceVersion "1"]
[SourceVersionDate "2015.10.08"]
[SourceQuality "1"]
[WhiteTeam "Zilina Mladost II"]
[BlackTeam "Banska Bystrica Veza"]
[WhiteTeamCountry "SVK"]
[BlackTeamCountry "SVK"]

1. e4 c5 2. a3 Nf6 3. e5 Nd5 4. Nc3 Nxc3 5. dxc3 d5 6. exd6 Qxd6 7. Qxd6 exd6 8. Bf4 d5 9. 0-0-0 Be6 10. Nf3 f6 11. Bb5+ Nc6 12. c4 0-0-0 13. Rhe1 Bf7 14. cxd5 Bxd5 15. Rxd5 Rxd5 16. Bc4 Bd6 17. Bh6 Nd4 18. Bxg7 Nxf3 19. Bxd5 Bf4+ 20. Re3 Re8 21. Bxf3 1-0

[Event "SVK-chT2C 1314"]
[Site "Slovakia"]
[Date "2014.03.15"]
[Round "10.1"]
[White "Druska, Juraj"]
[Black "Trgina, Daniel"]
[Result "1-0"]
[WhiteElo "2370"]
[BlackElo "2129"]
[PlyCount "63"]
[EventDate "2013.10.19"]
[EventType "team-tourn"]
[EventRounds "11"]
[EventCountry "SVK"]
[SourceTitle "EXT 2015"]
[Source "ChessBase"]
[SourceDate "2014.11.20"]
[SourceVersion "1"]
[SourceVersionDate "2014.11.20"]
[SourceQuality "1"]
[WhiteTeam "Liptovska Stiavnica"]
[BlackTeam "Banska Bystrica Veza"]
[WhiteTeamCountry "SVK"]
[BlackTeamCountry "SVK"]

1. e4 c5 2. Nf3 d6 3. d3 Nc6 4. g3 g6 5. Bg2 Bg7 6. 0-0 e6 7. c3 Nge7 8. d4 cxd4 9. cxd4 d5 10. e5 0-0 11. Nc3 Qb6 12. b3 Bd7 13. Na4 Qc7 14. Ba3 b6 15. Qd2 Rfc8 16. g4 Bf8 17. Rfc1 Qb7 18. h4 Na5 19. Nc3 b5 20. Bb4 Nac6 21. Bd6 a5 22. h5 Na7 23. hxg6 Nxg6 24. Bxf8 Nxf8 25. Qg5+ Ng6 26. Qh6 b4 27. Ng5 Nf8 28. Nce4 dxe4 29. Bxe4 Bc6 30. Rxc6 Rxc6 31. Bxh7+ Kh8 32. Qf6# 1-0

[Event "SVK-chT2C 1314"]
[Site "Slovakia"]
[Date "2014.02.22"]
[Round "8.1"]
[White "Trgina, Daniel"]
[Black "Lukac, Roman"]
[Result "1-0"]
[WhiteElo "2129"]
[BlackElo "2110"]
[PlyCount "85"]
[EventDate "2013.10.19"]
[EventType "team-tourn"]
[EventRounds "11"]
[EventCountry "SVK"]
[SourceTitle "EXT 2015"]
[Source "ChessBase"]
[SourceDate "2014.11.20"]
[SourceVersion "1"]
[SourceVersionDate "2014.11.20"]
[SourceQuality "1"]
[WhiteTeam "Banska Bystrica Veza"]
[BlackTeam "Banska Bystrica Kurta"]
[WhiteTeamCountry "SVK"]
[BlackTeamCountry "SVK"]

1. e4 e5 2. Nf3 Nc6 3. Bc4 Bc5 4. b4 Bxb4 5. c3 Ba5 6. d4 d6 7. Qb3 Qd7 8. dxe5 dxe5 9. 0-0 Bb6 10. Rd1 Qe7 11. Bb5 Bd7 12. Ba3 Qf6 13. Nbd2 Nge7 14. Nc4 Rd8 15. Rd2 0-0 16. Rad1 Be6 17. Bxc6 Rxd2 18. Rxd2 Nxc6 19. Bxf8 Kxf8 20. Qa3+ Ke8 21. Nxb6 cxb6 22. Qd6 h6 23. Ne1 Qe7 24. Qxe7+ Kxe7 25. Nd3 f6 26. Nb4 Na5 27. Nd5+ Kf7 28. Ne3 g6 29. g4 Ke7 30. h4 Nc6 31. f3 Kf7 32. Kf1 b5 33. Rb2 a6 34. Ke1 Nd8 35. Kd1 Bc8 36. Rh2 Ne6 37. h5 Ng5 38. hxg6+ Kxg6 39. Ke2 Be6 40. a3 Bb3 41. Nf5 Nf7 42. Ke3 Kg5 43. Ne7 1-0

[Event "SVK-chT2C 1314"]
[Site "Slovakia"]
[Date "2014.02.01"]
[Round "7.1"]
[White "Urhegyi, Marton"]
[Black "Trgina, Daniel"]
[Result "0-1"]
[WhiteElo "2105"]
[BlackElo "2129"]
[PlyCount "112"]
[EventDate "2013.10.19"]
[EventType "team-tourn"]
[EventRounds "11"]
[EventCountry "SVK"]
[SourceTitle "EXT 2015"]
[Source "ChessBase"]
[SourceDate "2014.11.20"]
[SourceVersion "1"]
[SourceVersionDate "2014.11.20"]
[SourceQuality "1"]
[WhiteTeam "Cebovce"]
[BlackTeam "Banska Bystrica Veza"]
[WhiteTeamCountry "SVK"]
[BlackTeamCountry "SVK"]

1. e4 c5 2. c3 Nf6 3. e5 Nd5 4. g3 Nc6 5. Bg2 e6 6. Nf3 d6 7. exd6 Bxd6 8. 0-0 0-0 9. d4 cxd4 10. Nxd4 Nxd4 11. Qxd4 Qb6 12. Qd3 Bd7 13. c4 Nf6 14. Bg5 Be7 15. Nc3 Bc6 16. Bxc6 Qxc6 17. Qe2 Rac8 18. b3 h6 19. Bf4 a6 20. Rac1 Rfd8 21. Nb1 Rd7 22. Nd2 Rcd8 23. Nf3 Bd6 24. Be5 Qe4 25. Qxe4 Nxe4 26. Bd4 Ba3 27. Bb6 Bxc1 28. Bxd8 Be3 29. fxe3 Rxd8 30. Re1 h5 31. Re2 f6 32. Kf1 e5 33. Rc2 Rd1+ 34. Ne1 Kf7 35. Ke2 Rd8 36. Nd3 a5 37. a3 Ke6 38. Rb2 Nc3+ 39. Kd2 e4 40. Kxc3 Rxd3+ 41. Kc2 Rxe3 42. Kd2 Rd3+ 43. Ke2 Ke5 44. b4 a4 45. Ra2 g5 46. c5 f5 47. Rc2 f4 48. gxf4+ gxf4 49. b5 f3+ 50. Kf2 Kf4 51. Rc4 Rd2+ 52. Kf1 Ke3 53. Rc3+ Kd4 54. Rc1 Rxh2 55. Kg1 Rg2+ 56. Kf1 e3 0-1

[Event "SVK-chT1E 1314"]
[Site "Slovakia"]
[Date "2013.12.14"]
[Round "5.6"]
[White "Klein, Peter"]
[Black "Trgina, Daniel"]
[Result "0-1"]
[WhiteElo "2027"]
[BlackElo "2129"]
[PlyCount "106"]
[EventDate "2013.10.12"]
[EventType "team-tourn"]
[EventRounds "11"]
[EventCountry "SVK"]
[SourceTitle "EXT 2015"]
[Source "ChessBase"]
[SourceDate "2014.11.20"]
[SourceVersion "1"]
[SourceVersionDate "2014.11.20"]
[SourceQuality "1"]
[WhiteTeam "Filakovo"]
[BlackTeam "Banska Bystrica TH"]
[WhiteTeamCountry "SVK"]
[BlackTeamCountry "SVK"]

1. e4 Nf6 2. e5 Nd5 3. d4 d6 4. Nf3 dxe5 5. dxe5 Nc6 6. Bb5 Bg4 7. h3 Bh5 8. g4 Bg6 9. e6 Ndb4 10. exf7+ Bxf7 11. Bd2 Qd5 12. Nc3 Qe6+ 13. Be3 Qd6 14. Qxd6 exd6 15. 0-0-0 a6 16. Be2 Ne7 17. a3 Nbd5 18. Nxd5 Nxd5 19. Bg5 Be7 20. Bc4 Nf6 21. Bxf6 Bxf6 22. Rhe1+ Kf8 23. Bxf7 Kxf7 24. g5 Be7 25. Re2 Rae8 26. Rde1 Bd8 27. h4 Rxe2 28. Rxe2 Re8 29. Rxe8 Kxe8 30. Kd2 Kf7 31. Ke3 Kg6 32. Kf4 Kh5 33. Nd4 Kxh4 34. Ne6 Be7 35. a4 c6 36. Nxg7 Bxg5+ 37. Kf3 d5 38. Ne6 Be7 39. b3 h5 40. Nf4 Kg5 41. Ne2 Kf5 42. Ng3+ Kg5 43. Ne2 Bd6 44. Nd4 Kf6 45. Ne2 Be5 46. Ke3 Kf5 47. f4 Bf6 48. Kf3 h4 49. Nc1 b5 50. Nd3 a5 51. Nc5 Bd8 52. Nb7 Bc7 53. Nc5 Bxf4 0-1

[Event "SVK-chT1E 1314"]
[Site "Slovakia"]
[Date "2013.10.12"]
[Round "1.6"]
[White "Kopera, Michal"]
[Black "Trgina, Daniel"]
[Result "1/2-1/2"]
[WhiteElo "2087"]
[BlackElo "2129"]
[PlyCount "84"]
[EventDate "2013.10.12"]
[EventType "team-tourn"]
[EventRounds "11"]
[EventCountry "SVK"]
[SourceTitle "EXT 2015"]
[Source "ChessBase"]
[SourceDate "2014.11.20"]
[SourceVersion "1"]
[SourceVersionDate "2014.11.20"]
[SourceQuality "1"]
[WhiteTeam "Zilina Mladost"]
[BlackTeam "Banska Bystrica TH"]
[WhiteTeamCountry "SVK"]
[BlackTeamCountry "SVK"]

1. e4 c5 2. Nf3 d6 3. d4 cxd4 4. Nxd4 Nf6 5. Nc3 g6 6. Be2 Bg7 7. Be3 a6 8. 0-0 0-0 9. f3 b5 10. Qd2 Bb7 11. a4 b4 12. Na2 a5 13. c3 bxc3 14. Nxc3 Na6 15. Bxa6 Bxa6 16. Ncb5 e5 17. Nc6 Qd7 18. Rfc1 d5 19. exd5 e4 20. Rd1 exf3 21. gxf3 Rfe8 22. Bb6 Rab8 23. Nxb8 Rxb8 24. Bxa5 Bxb5 25. axb5 Rxb5 26. Bc3 Rxd5 27. Qe2 Qc6 28. Rxd5 Nxd5 29. Bxg7 Kxg7 30. Rd1 Qc5+ 31. Kh1 f6 32. Qd2 Ne3 33. b4 Qg5 34. Rg1 Qf4 35. Rg3 Qe5 36. f4 Qa1+ 37. Rg1 Qa8+ 38. Rg2 Qa1+ 39. Rg1 Qa8+ 40. Rg2 Nxg2 41. Qxg2 Qa1+ 42. Qg1 Qa8+ 1/2-1/2